skbl

Dr Suryya Kumar Bhuyan Library Web-OPAC
ডঃ সূৰ্য্য
কুমাৰ ভূঞা পুথিভঁৰাল ৱেব-অ'পেক

All Research Scholars are advised to clear the annual library fees to continue using Library Resources, Remote Access, Plagiarism Test and Library Clearance.

Cotton University Book Fair 2026

The Sanskrit Drama: In its Origin, Development Theory & Practice / (Record no. 39864)

MARC details
000 -LEADER
fixed length control field 00822nam a2200301Ia 4500
001 - CONTROL NUMBER
control field 39892
005 - DATE AND TIME OF LATEST TRANSACTION
control field 20240114002115.0
007 - PHYSICAL DESCRIPTION FIXED FIELD--GENERAL INFORMATION
fixed length control field ta
008 - FIXED-LENGTH DATA ELEMENTS--GENERAL INFORMATION
fixed length control field 170527s1924 ii a g b000 u 491 u
040 ## - CATALOGING SOURCE
Original cataloging agency Cotton College,Assam
041 ## - LANGUAGE CODE
Language code of text/sound track or separate title 491
082 ## - DEWEY DECIMAL CLASSIFICATION NUMBER
Classification number 891.2209
Item number Ke 269 Sa
100 ## - MAIN ENTRY--PERSONAL NAME
Personal name Keith, A. Berriedale.
245 #0 - TITLE STATEMENT
Title The Sanskrit Drama: In its Origin, Development Theory & Practice /
Statement of responsibility, etc. A. Berriedale Keith.
Medium Textual Documents
250 ## - EDITION STATEMENT
Edition statement 1st ed. /
260 ## - PUBLICATION, DISTRIBUTION, ETC.
Place of publication, distribution, etc. London :
Name of publisher, distributor, etc. Oxford University Press ,
Date of publication, distribution, etc. 1924.
300 ## - PHYSICAL DESCRIPTION
Extent 405p. :
Other physical details ill ;
Dimensions 22cm .
653 ## - INDEX TERM--UNCONTROLLED
Uncontrolled term Sanskrit drama-Criticism
653 ## - INDEX TERM--UNCONTROLLED
Uncontrolled term G-Sanskrit
653 ## - INDEX TERM--UNCONTROLLED
Uncontrolled term MS-Sanskrit
942 ## - ADDED ENTRY ELEMENTS (KOHA)
Source of classification or shelving scheme Dewey Decimal Classification
Koha item type Books
Holdings
Withdrawn status Lost status Damaged status Not for loan Home library Current library Date acquired Coded location qualifier Total checkouts Full call number Barcode Date last seen Copy number Price effective from Koha item type
        Dr. Suryya Kumar Bhuyan Library Dr. Suryya Kumar Bhuyan Library 01/02/2012 00000   891.2209 Ke 269 Sa 652/Sans 14/01/2024 2 01/02/2012 Books
        Dr. Suryya Kumar Bhuyan Library Dr. Suryya Kumar Bhuyan Library 01/02/2012 00000   891.2209 Ke 269 Sa 28816 14/01/2024 5 01/02/2012 Books
        Dr. Suryya Kumar Bhuyan Library Dr. Suryya Kumar Bhuyan Library 01/02/2012 00000   891.2209 Ke 269 Sa 42929 14/01/2024 1 01/02/2012 Books
        Dr. Suryya Kumar Bhuyan Library Dr. Suryya Kumar Bhuyan Library 01/02/2012 00000   891.2209 Ke 269 Sa 45771 14/01/2024 4 01/02/2012 Books
        Dr. Suryya Kumar Bhuyan Library Dr. Suryya Kumar Bhuyan Library 01/02/2012 00000   891.2209 Ke 269 Sa 651/Sans 14/01/2024 3 01/02/2012 Books

Designed and Maintained by Team SKBL
©1901-2026

Powered by Koha